000
00358nam a2200145Ia 4500
008
231129s1980||||xx |||||||||||||| ||spa||
020
_a
84-02-02612-5
040
_b
spa
082
_a
930.1 C392a
100
_a
Celoria Francis
245
0
_a
La arqueologia
260
_c
1980
264
_a
Bruguera
942
_2
ddc
_c
BKS
999
_c
16424
_d
16424